बस्तर का इतिहास / (Record no. 212018)
[ view plain ]
| 000 -LEADER | |
|---|---|
| fixed length control field | 00727nam a22001937a 4500 |
| 005 - DATE AND TIME OF LATEST TRANSACTION | |
| control field | 20250702151908.0 |
| 010 ## - LCCN (DPL NO) | |
| LC control number | HIN-129877 |
| 020 ## - INTERNATIONAL STANDARD BOOK NUMBER | |
| Terms of availability | 250.00 |
| International Standard Book Number | 9789392142574 |
| 035 ## - SYSTEM CONTROL NUMBER | |
| System control number | HN-102223 |
| 037 ## - SOURCE OF ACQUISITION | |
| Source of stock number/acquisition | DBAD |
| 082 ## - DEWEY DECIMAL CLASSIFICATION NUMBER | |
| Classification number | 954.53 |
| 100 ## - MAIN ENTRY--PERSONAL NAME | |
| Personal name | बेहार, आर. के. |
| 245 ## - TITLE STATEMENT | |
| Title | बस्तर का इतिहास / |
| Statement of responsibility, etc | आर. के . बेहार |
| 250 ## - EDITION STATEMENT | |
| Edition statement | 1 |
| 260 ## - PUBLICATION, DISTRIBUTION, ETC. (IMPRINT) | |
| Place of publication, distribution, etc | छ.ग. |
| Name of publisher, distributor, etc | सरस्वती बुक्स |
| Date of publication, distribution, etc | 2024 |
| 270 ## - ADDRESS | |
| Address | नेहरु नगर , भिलाई , दुर्ग |
| City | छत्तीसगढ़ |
| 300 ## - PHYSICAL DESCRIPTION | |
| Extent | 155 .पृ |
| Dimensions | 21.3 सेमी (अजिल्द) |
| 942 ## - ADDED ENTRY ELEMENTS (KOHA) | |
| Source of classification or shelving scheme | Dewey Decimal Classification |
| Item type | Hindi Books |
| Classification part | 954.53 |
| Call number suffix | बेहार |
| Withdrawn status | Lost status | Not for loan | Collection code | Home library | Current library | Date acquired | Source of acquisition | Cost, normal purchase price | Full call number | Barcode | Copy number | Cost, replacement price | Koha item type |
|---|---|---|---|---|---|---|---|---|---|---|---|---|---|
| Non-fiction | Ashok Vihar | Ashok Vihar | 02/07/2025 | DBAD | 250.00 | 954.53 बेहार | HN-102223 | 1 | 250.00 | Hindi Books |
